000 00700nam a22002297a 4500
008 240605b mp ||||| |||| 00| 0 mon d
020 _a978-99962-918-1-4
035 _a8817
040 _aDA0445040
_bmon
_cMN-UlNLM
_dMN-UlNLM
_erda
041 _amon
042 _a26408
084 _221
_a629.4109
_bБ.109
100 _aБаасансүрэн Т.
245 0 _aНаран, саран, дэлхий
264 _aУлаанбаатар
_bМОНЦАМЭ агентлагийн ХҮ
_c2012
300 _a334 х.
336 _2rdacontent
_atext
_btxt
337 _2rdamedia
_aunmediated
_bn
338 _2rdacarrier
_avolume
_bnc
650 _aДурсамж, Нийтлэл
942 _210-t
_cBK
999 _c745038
_d745095